Normal view
MARC view
- حقوق المدنيين- النزاعات المسلحة - القانون
Entry Topical Term
001 - CONTROL NUMBER
- control field: 58945
003 - CONTROL NUMBER IDENTIFIER
- control field: JO-AjAnu
005 - DATE AND TIME OF LATEST TRANSACTION
- control field: 20230606083637.0
008 - FIXED-LENGTH DATA ELEMENTS
- fixed length control field: 230606|| aca||aabn | a|a d
040 ## - CATALOGING SOURCE
- Original cataloging agency: JO-AjAnu
- Transcribing agency: JO-AjAnu
150 ## - HEADING--TOPICAL TERM
- Topical term or geographic name entry element: حقوق المدنيين- النزاعات المسلحة - القانون
670 ## - SOURCE DATA FOUND
- Source citation: Work cat.: (JO-AjAnu)30068: اعداد البياتي، عصام خلف محمد؛ اشراف طلال ياسين العيسى, author 58944, الأسس القانونية في حماية حقوق المدنيين في النزاعات المسلحة غير الدولية = Legal basis in protection the Rights of the Civilians in non-International conflicts